00789naa a2200181 i 45000010005000000030009000050050017000140080041000310400026000721000133000982450115002316500016003466550030003627110047003927730140004399420013005799990015005928695KOSZ 00520180227100231.0180226s2007 au |||f| ||||1|| ||eng d cKOSZ 005aKOSZ 005/HR1 aSUSHCH, Volodymyr.d1997 - .bPolitechnika Koszalińska - Wydział Budownictwa i Inżynierii Środowiska,cKatedra Matematyki10aEssential self-adjointness for two dimensional discrete magnetic Schrödinger operators / cVolodymyr Sushch. 0aMatematyka. 0aMateriały konferencyjne.22aEquadiff 2007d(2007 ;cWiedeń, Austria)0 iW :tInternational Conference on Differential Equations "Equadiff 2007" : August 5-11.2007, Vienna, Austria. -dVienna, 2007. -gs. 141 cROZ2UKD c8695d8695